Quà muộn Tập truyện ngắn
NH Là tác giả nữ mới nổi sau 1990, truyện ngọt ngào, tròn trĩnh, giàu tình cảm về những mẩu nhỏ trong đời sống thường nhật
Spremljeno u:
| Glavni autor: | |
|---|---|
| Format: | Knjiga |
| Jezik: | Undetermined |
| Izdano: |
Tp. HCM
Trẻ
1995
|
| Teme: | |
| Oznake: |
Dodaj oznaku
Bez oznaka, Budi prvi tko označuje ovaj zapis!
|
| Thư viện lưu trữ: | Trung tâm Học liệu Trường Đại học Cần Thơ |
|---|
| LEADER | 00721nam a2200193Ia 4500 | ||
|---|---|---|---|
| 001 | CTU_9435 | ||
| 008 | 210402s9999 xx 000 0 und d | ||
| 082 | |a 895.922301 | ||
| 082 | |b Ng527 | ||
| 100 | |a Nguyên Hương | ||
| 245 | 0 | |a Quà muộn | |
| 245 | 0 | |b Tập truyện ngắn | |
| 245 | 0 | |c Nguyên Hương | |
| 260 | |a Tp. HCM | ||
| 260 | |b Trẻ | ||
| 260 | |c 1995 | ||
| 520 | |a NH Là tác giả nữ mới nổi sau 1990, truyện ngọt ngào, tròn trĩnh, giàu tình cảm về những mẩu nhỏ trong đời sống thường nhật | ||
| 650 | |a short stories, vietnamese - 1990,women in literature | ||
| 980 | |a Trung tâm Học liệu Trường Đại học Cần Thơ | ||